Vrai ou Faux HGGSP Tle Patrimoine - Statistiques

Statistiques générales
  • Ce quiz a été pris 907 fois
  • Le résultat moyen est 13 sur 21
Statistiques - réponses
Question Réponse % Correct
La protection et la valorisation du patrimoine de Venise entrent souvent en conflit Vrai
89%
La Convention pour la protection du patrimoine mondial culturel et naturel est signé par l'UNESCO en 1972 Vrai
84%
La Grèce a crée un musée spécialement pour accueillir les frises du Parthénon Vrai
84%
Le chateau de Versailles est muséifié en 1837 par Louis Philippe pour financer sa restauration et unifier les français autour de l'histoire militaire française Vrai
82%
Le Royaume-Uni refuse de rendre les frises du Parthénon à la Grèce car elles ont été construites avec des matériaux provenant d'Angleterre Faux
81%
La reconstruction des sites maliens détruits n'est le résultat que de l'action de l'UNESCO Faux
80%
La modernisation de certains quartiers historiques parisiens comme la canopée des Halles en 2016 ou la pyramide du Louvre en 1988 ont suscités le mécontentement de l'opinion publique Vrai
80%
Les lois de décentralisation de 1983 permettent aux collectivités locales de devenir des acteurs incontournables de la préservation du patrimoine Vrai
74%
La plupart des lieux et objets classés patrimoine mondial de l'humanité sont situés au Moyen-Orient et en Afrique Faux
72%
Quel monument parisien a été épargné par les révolutionnaires durant la Révolution Francaise , prouvant ainsi la dimension politique et sociale du patrimoine ?
71%
Le loto du patrimoine crée en 2017 et présenté par Stéphane Bern est une initiative très populaire et qui n'a pas reçu de critiques Faux
65%
La chartre de Venise de 1964 impose de restaurer les bâtiments dans le dernier état connu Vrai
63%
L'Alliance française est chargé de diffuser la langue officiel dans 137 pays Vrai
61%
La notion de patrimonialisation au sens moderne apparait en France durant la Renaissance Faux
59%
Les deux principes du droit du patrimoine sont l'inaliénabilité et l'inaltérabilité Faux
49%
ChooseFrance est un sommet où Emmanuel Macron reçoit 140 patrons étrangers au musée du Louvre Faux
41%
Le projet Mose adopté en 2017 est un exemple de conciliation entre protection et valorisation Faux
30%
Le mont Saint Michel est un bon exemple de reconversion des territoires en crises Faux
28%
En 2010 les terroristes prennent le pouvoir au Mali et détruisent 16 Mausolées de Tombouctou Faux
26%
Les spécialités régionales françaises sont inscrites au patrimoine immatériel de l'humanité depuis 2010 Faux
23%
En 2017 , lors de la visite de Vladimir Poutine en France ,E.Macron l'a emmené dans la Galerie des Glaces pour l'impressionner Faux
20%
Aucun quiz correspondant
Distribution des résultats
% des personnes avec chaque résultat
Percentile par nombre de réponses
Votre historique - résultats
Vous n’avez pas pris ce quiz